Absolute nothingness : foundations for a Buddhist-Christian dialogue /

Bibliographic Details
Main Author: Waldenfels, Hans
Format: Book
Language:English
Published: New York : Paulist Press, [1980]
Subjects:

MARC

Tag First Indicator Second Indicator Subfields
LEADER 00000cam a2200000 a 4500
001 in00000097182
005 20150924085102.0
008 811009s1980 nyu b 00110 eng
010 |a  80081442  
020 |a 0809123169 (pbk.) :  |c $7.95 
035 |a (OCoLC)07099362 
035 |9 AAK9059AM 
039 0 |a 2  |b 3  |c 3  |d 3  |e 3 
040 |a DLC  |c DLC  |d TXA  |d UtOrBLW 
041 1 |a eng  |h ger 
049 |a TXAM  |c [1673663] 
050 0 0 |a BR128 B8  |b  W3313 
082 0 |a 261.2/43  |2 19 
100 1 |a Waldenfels, Hans. 
240 1 0 |a Absolutes Nichts.  |l English 
245 1 0 |a Absolute nothingness :  |b foundations for a Buddhist-Christian dialogue /  |c by Hans Waldenfels ; translated by J.W. Heisig. 
264 1 |a New York :  |b Paulist Press,  |c [1980] 
264 4 |c ©1980 
300 |a ix, 214 pages ;  |c 23 cm. 
336 |a text  |b txt  |2 rdacontent 
337 |a unmediated  |b n  |2 rdamedia 
338 |a volume  |b nc  |2 rdacarrier 
500 |a Translation of: Absolutes Nichts. 
500 |a Includes index. 
504 |a Bibliography: 190-203. 
600 1 0 |a Nishitani, Keiji,  |d 1900-1990. 
650 0 |a Christianity and other religions  |x Buddhism. 
650 0 |a Buddhism  |x Relations  |x Christianity. 
999 |a MARS 
999 f f |s f933cc70-1d09-3da5-84de-169fa97905dd  |i d8e2e83b-7093-327d-b2a5-ea21b057b843  |t 0 
952 f f |p normal  |a Texas A&M University  |b College Station  |c Sterling C. Evans Library  |d Evans: Library Stacks  |t 0  |e BR128 B8 W3313  |h Library of Congress classification  |i unmediated -- volume  |m A14806035432 
998 f f |a BR128 B8 W3313  |t 0  |l Evans: Library Stacks